<?xml version="1.0" encoding="UTF-8"?>
<collection xmlns="http://www.loc.gov/MARC21/slim">
 <record>
  <leader>02405nam a2200289 a 4500</leader>
  <controlfield tag="001">1/45161</controlfield>
  <controlfield tag="008">140729s1999    us            001 0 eng  </controlfield>
  <datafield tag="020" ind1=" " ind2=" ">
   <subfield code="a">9780080513959 (electronic bk.)</subfield>
  </datafield>
  <datafield tag="020" ind1=" " ind2=" ">
   <subfield code="a">0080513956 (electronic bk.)</subfield>
  </datafield>
  <datafield tag="035" ind1=" " ind2=" ">
   <subfield code="l">48119</subfield>
  </datafield>
  <datafield tag="040" ind1=" " ind2=" ">
   <subfield code="a">OPELS</subfield>
   <subfield code="c">OPELS</subfield>
   <subfield code="d">GR-PeUP</subfield>
  </datafield>
  <datafield tag="100" ind1="1" ind2=" ">
   <subfield code="a">Parker, Marshall E.</subfield>
  </datafield>
  <datafield tag="245" ind1="1" ind2="0">
   <subfield code="a">Pipeline corrosion and cathodic protection</subfield>
   <subfield code="h">[electronic resource] :</subfield>
   <subfield code="b">a practical manual for corrosion engineers, technicians, and field personnel /</subfield>
   <subfield code="c">Marshall E. Parker, Edward G. Peattie.</subfield>
  </datafield>
  <datafield tag="250" ind1=" " ind2=" ">
   <subfield code="a">3rd ed.</subfield>
  </datafield>
  <datafield tag="260" ind1=" " ind2=" ">
   <subfield code="a">Burlington, MA :</subfield>
   <subfield code="b">Elsevier,</subfield>
   <subfield code="c">c1999.</subfield>
  </datafield>
  <datafield tag="300" ind1=" " ind2=" ">
   <subfield code="a">1 online resource.</subfield>
  </datafield>
  <datafield tag="500" ind1=" " ind2=" ">
   <subfield code="a">&quot;Originally published by Gulf Publishing Company, Houston, TX.&quot;--t.p. verso.</subfield>
  </datafield>
  <datafield tag="520" ind1=" " ind2=" ">
   <subfield code="a">This update of Marshall Parker's classic text contains the latest &quot;hands-on&quot; information for taking measurements and making the calculations necessary for cathodic protection of buried pipe lines. Essentially a practical field manual for corrosion technicians and engineers, it is a simple and direct introduction to the fundamentals of a complex subject. The contents cover soil resistivity surveys, potential surveys, line currents, current requirement surveys, rectifier systems for coated lines, ground bed design and installation, galvanic anodes on coated lines, hot spot protection, bond protection, stray current electrolysis, interference, operation and maintenance, and coating inspection and testing. There are also helpful appendixes that explain the fundamentals of underground corrosion, basic principles of cathodic protection, tables of properties of metals, and attenuation equations. While other books on corrosion are sometimes too theoretical for practical work, Pipe Line Corrosion and Cathodic Protection, Third Edition, shows you how to take actual field measurements and apply them to design a well-protected system.</subfield>
  </datafield>
  <datafield tag="500" ind1=" " ind2=" ">
   <subfield code="a">Includes index.</subfield>
  </datafield>
  <datafield tag="650" ind1=" " ind2="4">
   <subfield code="a">Pipelines</subfield>
   <subfield code="x">Corrosion</subfield>
   <subfield code="v">Handbooks, manuals, etc.</subfield>
  </datafield>
  <datafield tag="650" ind1=" " ind2="4">
   <subfield code="a">Pipelines</subfield>
   <subfield code="x">Cathodic protection</subfield>
   <subfield code="v">Handbooks, manuals, etc.</subfield>
  </datafield>
  <datafield tag="655" ind1=" " ind2="4">
   <subfield code="a">Electronic books.</subfield>
  </datafield>
  <datafield tag="700" ind1="1" ind2=" ">
   <subfield code="a">Peattie, Edward G.</subfield>
  </datafield>
  <datafield tag="852" ind1=" " ind2=" ">
   <subfield code="a">INST</subfield>
   <subfield code="b">UNIPILB</subfield>
   <subfield code="c">EBOOKS</subfield>
   <subfield code="e">20140729</subfield>
   <subfield code="p">00b48119</subfield>
   <subfield code="q">00b48119</subfield>
   <subfield code="t">ONLINE</subfield>
   <subfield code="y">0</subfield>
  </datafield>
  <datafield tag="856" ind1="4" ind2="0">
   <subfield code="3">ScienceDirect</subfield>
   <subfield code="u">http://www.sciencedirect.com/science/book/9780080513959</subfield>
  </datafield>
  <datafield tag="856" ind1="4" ind2=" ">
   <subfield code="d">/webopac/covers/03/48119_9780080513959.jpg</subfield>
   <subfield code="z">(electronic bk.)</subfield>
  </datafield>
  <datafield tag="856" ind1="4" ind2=" ">
   <subfield code="d">/webopac/covers/03/48119_0080513956.jpg</subfield>
   <subfield code="z">(electronic bk.)</subfield>
  </datafield>
 </record>
</collection>
